000 00693nam a22002297a 4500
003 UA-OsUOA
001 39313
007 ta
008 20060614b un ||||| |||| 00| 0 ukr d
090 _a528(477)((03)
_bС48
942 _cBK
040 _aUA-OsUOA
_bukr
_cUA-OsUOA
_dUA-OsUOA
245 _aСловник українських наукових і народних назв судинних рослин
_cУкладач Ю.Кобів
300 _a800 с.
955 _a2
041 _aukr
080 _a528(477)((03)
020 _a966-00-0355-2
260 _aК.
_bНаукова думка
_c2004
650 7 _a528 Геодезія. Картографія
_2UDC
999 _c325457
_d325457